000
002630000a22000970004500
100
1
_a
Porras, Aristómeno
245
1
0
_a
Gonzalo Báez Camargo : El biblista
300
_a
Vol. 55, Núm 247 (2000), Páginas 24-27
773
0
_t
La Biblia de las Américas
942
_c
ANA
999
_c
51588
_d
51588